Southville International School and Colleges
Your cart is empty.
  • Cart
  • Lists
    Public lists Eva Luna New books Lux_list list_1
    Your lists Log in to create your own lists
  • Log in to your account
  • Your cookies
  • Search history
Southville International School and Colleges
  • Advanced search
  • Recent comments
  • Most popular
  • Libraries

Log in to your account

Log in with GOOGLE


If you do not have an external account, but do have a local account, you can still log in:

  1. Home
  2. MARC view: Something from nothing /
Normal view MARC view ISBD view

Something from nothing / (Record no. 104617)

[ view plain ]
MARC details
000 -LEADER
fixed length control field 00397nam a2200157 a 4500
005 - DATE AND TIME OF LATEST TRANSACTION
control field 20140412111325.0
008 - FIXED-LENGTH DATA ELEMENTS--GENERAL INFORMATION
fixed length control field 110117s19uu xx 00 eng d
020 ## - INTERNATIONAL STANDARD BOOK NUMBER
International Standard Book Number 0-590-72827-x
050 ## - LIBRARY OF CONGRESS CALL NUMBER
Classification number BB
Item number So51 1992
100 ## - MAIN ENTRY--PERSONAL NAME
Personal name Gilman, Phoebe
245 ## - TITLE STATEMENT
Title Something from nothing /
Statement of responsibility, etc Phoebe Gilman.
260 ## - PUBLICATION, DISTRIBUTION, ETC. (IMPRINT)
Place of publication, distribution, etc NY :
Name of publisher, distributor, etc Scholastic,
Date of publication, distribution, etc 1992.
300 ## - PHYSICAL DESCRIPTION
Extent 27p.
650 ## - SUBJECT ADDED ENTRY--TOPICAL TERM
Topical term or geographic name as entry element Recycling
Holdings
Withdrawn status Lost status Damaged status Home library Current library Shelving location Date acquired Source of acquisition Total Checkouts Full call number Barcode Date last seen Price effective from Koha item type
      Elizalde Library Elizalde Library Big Books Section 01/17/2011     BB So51 1992 E8375 04/12/2014 04/12/2014 Books

Something from nothing /

APA

Gilman P., . (1992). Something from nothing. NY: Scholastic.

Chicago

Gilman Phoebe, . 1992. Something from nothing. NY: Scholastic.

Harvard

Gilman P., . (1992). Something from nothing. NY: Scholastic.

MLA

Gilman Phoebe, . Something from nothing. NY: Scholastic. 1992.

  • Place hold
  • Print
  • Cite
  • Add to your cart (remove)
  • Save record
    BIBTEX Dublin Core MARCXML MARC (non-Unicode/MARC-8) MARC (Unicode/UTF-8) MARC (Unicode/UTF-8, Standard) MODS (XML) RIS
  • More searches
    Search for this title in:
    Other Libraries (WorldCat) Other Databases (Google Scholar) Online Stores (Bookfinder.com) Open Library (openlibrary.org)

Exporting to Dublin Core...

SOUTHVILLE LIBRARY

Southville International School and Colleges Library

1281 Tropical Ave. Cor. Luxembourg St., BF Homes International, Las Pinas City

Tel. No. 8256374 / 252358 Loc. 117/146

Powered by Koha